Research methods in plant ecology (Record no. 80736)
[ view plain ]
| 000 -LEADER | |
|---|---|
| fixed length control field | 00903cam a22002771 4500 |
| 001 - CONTROL NUMBER | |
| control field | sa 68005431 |
| 003 - CONTROL NUMBER IDENTIFIER | |
| control field | DLC |
| 005 - DATE AND TIME OF LATEST TRANSACTION | |
| control field | 20260227112509.0 |
| 008 - FIXED-LENGTH DATA ELEMENTS--GENERAL INFORMATION | |
| fixed length control field | 710915s1968 ii ab b 00010 eng |
| 010 ## - LIBRARY OF CONGRESS CONTROL NUMBER | |
| LC control number | sa 68005431 //r953 |
| 025 ## - OVERSEAS ACQUISITION NUMBER | |
| Overseas acquisition number | PL480:I-E-9922 |
| 040 ## - CATALOGING SOURCE | |
| Original cataloging agency | DLC |
| Transcribing agency | DLC |
| Modifying agency | DLC |
| 043 ## - GEOGRAPHIC AREA CODE | |
| Geographic area code | a-ii--- |
| 050 00 - LIBRARY OF CONGRESS CALL NUMBER | |
| Classification number | QK962.I5 |
| Item number | P35 |
| 082 00 - DEWEY DECIMAL CLASSIFICATION NUMBER | |
| Classification number | 581.5/072/054 |
| 100 10 - MAIN ENTRY--PERSONAL NAME | |
| Personal name | Pandeya, S. C. |
| Fuller form of name | (Satish Chandra), |
| Dates associated with a name | 1929- |
| 245 10 - TITLE STATEMENT | |
| Title | Research methods in plant ecology |
| Statement of responsibility, etc. | [by] S. C. Pandeya, G. S. Puri and J. S. Singh. |
| 260 0# - PUBLICATION, DISTRIBUTION, ETC. | |
| Place of publication, distribution, etc. | Bombay, |
| -- | New York, |
| Name of publisher, distributor, etc. | Asia Pub. House |
| Date of publication, distribution, etc. | [1968] |
| 300 ## - PHYSICAL DESCRIPTION | |
| Extent | x, 272 p. |
| Other physical details | illus., maps (part fold.) |
| Dimensions | 24 cm. |
| 350 ## - PRICE (NR) (BK AM CF MU VM SE) [OBSOLETE] | |
| Price | Rs30 |
| 504 ## - BIBLIOGRAPHY, ETC. NOTE | |
| Bibliography, etc. note | Bibliography: p. [253]-259. |
| 650 #0 - SUBJECT ADDED ENTRY--TOPICAL TERM | |
| Topical term or geographic name entry element | Plant ecology |
| Geographic subdivision | India. |
| 650 #0 - SUBJECT ADDED ENTRY--TOPICAL TERM | |
| Topical term or geographic name entry element | Plant ecology |
| General subdivision | Research |
| Geographic subdivision | India. |
| 700 10 - ADDED ENTRY--PERSONAL NAME | |
| Personal name | Puri, Gopal Singh, |
| Dates associated with a name | 1915- |
| Relator term | joint author. |
| 700 10 - ADDED ENTRY--PERSONAL NAME | |
| Personal name | Singh, Jamuna Sharan, |
| Dates associated with a name | 1941- |
| Relator term | joint author. |
No items available.